Statistics for Top 100 nba players of 2016

Click here to take the quiz!

General Stats

  • This quiz has been taken 16,124 times
    (16,112 since last reset)
  • The average score is 64 of 100

Answer Stats

Team Player % Correct
CavsJames
100%
ThunderWestbrook
99%
WarriorsCurry
99%
ThunderDurant
98%
PelicansDavis
98%
RocketsHarden
98%
ClippersPaul
97%
CavsIrving
97%
KnicksAnthony
95%
PacersGeorge
95%
WizardsWall
94%
SpursLeonard
94%
HeatWade
94%
KingsCousins
93%
RaptorsLowry
92%
ClippersGriffin
92%
Cavs | WarriorsThompson
92%
Bulls | GrizzliesGasol
91%
BullsButler
91%
Spurs | WarriorsGreen
90%
CavsLove
90%
BlazersLillard
89%
HornetsWalker
88%
RaptorsDerozan
88%
CelticsThomas
88%
LakersBryant
86%
ClippersJordan
86%
RocketsHoward
85%
PistonsDrummond
85%
SpursDuncan
85%
JazzHayward
84%
TimberwolvesTowns
82%
SpursAldridge
82%
HawksMillsap
81%
MavsNowitzki
79%
Knicks | NetsLopez
78%
HeatBosh
76%
HeatWhiteside
72%
GrizzliesConley
71%
HawksHorford
71%
BullsRose
70%
TimberwolvesWiggins
68%
ThunderIbaka
67%
ThunderAdams
67%
HawksTeague
65%
SunsBledsoe
64%
CavsSmith
64%
JazzGobert
64%
KnicksPorzingis
62%
HawksKorver
59%
LakersRussell
59%
WizardsBeal
58%
HeatDragic
57%
WarriorsIguodala
56%
WarriorsBogut
54%
WarriorsBarnes
54%
PelicansHoliday
53%
KingsRondo
52%
PacersHill
52%
BlazersMccollum
52%
CelticsBradley
51%
PistonsJackson
51%
ClippersRedick
51%
MavsWilliams
51%
MagicOladipo
50%
JazzFavors
49%
KingsGay
47%
ThunderKanter
47%
TimberwolvesRubio
45%
GrizzliesRandolph
45%
ClippersCrawford
44%
PacersEllis
42%
NuggetsGallinari
42%
76ersOkafor
42%
NuggetsFaried
41%
BullsNoah
40%
WizardsGortat
40%
HornetsJefferson
36%
SunsChandler
35%
PelicansEvans
34%
CavsShumpert
33%
HeatDeng
33%
NuggetsMudiay
33%
RocketsAriza
32%
BucksMiddleton
32%
BucksMonroe
31%
MagicPayton
29%
JazzHood
29%
LakersHibbert
25%
PistonsMorris
25%
76ersCovington
20%
MavsPachullia
19%
PelicansAsik
18%
MagicJennings
16%
KnicksCalderon
14%
PacersMahinmi
9%

Score Distribution

Percentile by Number Answered

Percent of People with Each Score

Your Score History

You have not taken this quiz since the last reset